000 00987nam a2200289 i 4500
003 EG-GICUC
005 20260121101222.0
008 251115s1985 ua ||||fr|||| 00| 0 ara d
017 _a1985/2031
040 _a EG-GICUC
_bara
_c EG-GICUC
_d EG-GICUC
_erda
041 0 _aara
082 0 4 _221
_a345
_bع م . م
092 0 4 _221
099 _aLaw1 07 345 ع م . م 1985
100 0 _aعمرو فؤاد أحمد بركات
_eمؤلف.
245 1 0 _aمبادئ القانون الإداري /
_cعمرو فؤاد أحمد بركات.
264 3 _aالقارهرة :
_bشركة سعيد رأفت للطباعة،
_c1985.
300 _a580 ؛ صفحة
_c24 سم
336 _2rda content
_atext
337 _2rda media
_aComputer
338 _2rda carrier
_aOnline Resource
546 _aالنص باللغة العربية
650 1 4 _aالقانون الإداري
856 4 0 _uhttps://fll.law.cu.edu.eg/fulltext/bks/B07-00453.pdf
905 _a30
942 _2ddc
_cBK
_e21
_n0
999 _c43317
_d43317